<?xml version="1.0" encoding="UTF-8"?>
<record
    xmlns:xsi="http://www.w3.org/2001/XMLSchema-instance"
    xsi:schemaLocation="http://www.loc.gov/MARC21/slim http://www.loc.gov/standards/marcxml/schema/MARC21slim.xsd"
    xmlns="http://www.loc.gov/MARC21/slim">

  <leader>00759nam a22002417a 4500</leader>
  <controlfield tag="003">UA-OsUOA</controlfield>
  <controlfield tag="001"> 39841 </controlfield>
  <controlfield tag="007">ta</controlfield>
  <controlfield tag="008">20060703b un ||||| |||| 00| 0 ukr d</controlfield>
  <datafield tag="100" ind1=" " ind2=" ">
    <subfield code="a">&#x41A;&#x430;&#x43F;&#x440;&#x430;&#x43D;&#x43E;&#x432; &#x421;. &#x412;.</subfield>
  </datafield>
  <datafield tag="090" ind1=" " ind2=" ">
    <subfield code="a">82.09(520)</subfield>
    <subfield code="b">&#x41A;20</subfield>
  </datafield>
  <datafield tag="942" ind1=" " ind2=" ">
    <subfield code="c">BK</subfield>
  </datafield>
  <datafield tag="040" ind1=" " ind2=" ">
    <subfield code="a">UA-OsUOA</subfield>
    <subfield code="b">ukr</subfield>
    <subfield code="c">UA-OsUOA</subfield>
    <subfield code="d">UA-OsUOA</subfield>
  </datafield>
  <datafield tag="245" ind1=" " ind2=" ">
    <subfield code="a">"&#x406;&#x441;&#x435; &#x43C;&#x43E;&#x43D;&#x43E;&#x433;&#x430;&#x442;&#x430;&#x440;&#x456;" &#x44F;&#x43A; &#x43F;&#x430;&#x43C;'&#x44F;&#x442;&#x43A;&#x430; &#x44F;&#x43F;&#x43E;&#x43D;&#x441;&#x44C;&#x43A;&#x43E;&#x457; &#x440;&#x435;&#x43B;&#x456;&#x433;&#x456;&#x439;&#x43D;&#x43E;-&#x444;&#x456;&#x43B;&#x43E;&#x441;&#x43E;&#x444;&#x441;&#x44C;&#x43A;&#x43E;&#x457; &#x43A;&#x443;&#x43B;&#x44C;&#x442;&#x443;&#x440;&#x438; &#x434;&#x43E;&#x431;&#x438; &#x425;&#x435;&#x439;&#x430;&#x43D;</subfield>
    <subfield code="b">&#x41C;&#x43E;&#x43D;&#x43E;&#x433;&#x440;&#x430;&#x444;&#x456;&#x44F;</subfield>
  </datafield>
  <datafield tag="300" ind1=" " ind2=" ">
    <subfield code="a">148 &#x441;.</subfield>
  </datafield>
  <datafield tag="955" ind1=" " ind2=" ">
    <subfield code="a">2</subfield>
  </datafield>
  <datafield tag="041" ind1=" " ind2=" ">
    <subfield code="a">ukr</subfield>
  </datafield>
  <datafield tag="080" ind1=" " ind2=" ">
    <subfield code="a">82.09(520)</subfield>
  </datafield>
  <datafield tag="020" ind1=" " ind2=" ">
    <subfield code="a">966-518-253-6</subfield>
  </datafield>
  <datafield tag="260" ind1=" " ind2=" ">
    <subfield code="a">&#x41A;.</subfield>
    <subfield code="b">&#x41A;&#x41C;&#x410;</subfield>
    <subfield code="c">2004</subfield>
  </datafield>
  <datafield tag="650" ind1=" " ind2="7">
    <subfield code="a">82 &#x41B;&#x456;&#x442;&#x435;&#x440;&#x430;&#x442;&#x443;&#x440;&#x430;. &#x41B;&#x456;&#x442;&#x435;&#x440;&#x430;&#x442;&#x443;&#x440;&#x43E;&#x437;&#x43D;&#x430;&#x432;&#x441;&#x442;&#x432;&#x43E;</subfield>
    <subfield code="2">UDC</subfield>
  </datafield>
  <datafield tag="999" ind1=" " ind2=" ">
    <subfield code="c">325982</subfield>
    <subfield code="d">325982</subfield>
  </datafield>
  <datafield tag="952" ind1=" " ind2=" ">
    <subfield code="0">0</subfield>
    <subfield code="1">0</subfield>
    <subfield code="2">udc</subfield>
    <subfield code="4">0</subfield>
    <subfield code="7">0</subfield>
    <subfield code="a">102</subfield>
    <subfield code="b">102</subfield>
    <subfield code="d">2006-07-03</subfield>
    <subfield code="e">65/2006</subfield>
    <subfield code="g">16.20</subfield>
    <subfield code="i">97102</subfield>
    <subfield code="l">0</subfield>
    <subfield code="o">82.09(520) &#x41A;20</subfield>
    <subfield code="p">97102</subfield>
    <subfield code="r">2022-02-09 00:00:00</subfield>
    <subfield code="w">2006-07-03</subfield>
    <subfield code="y">BK</subfield>
  </datafield>
  <datafield tag="952" ind1=" " ind2=" ">
    <subfield code="0">0</subfield>
    <subfield code="1">0</subfield>
    <subfield code="2">udc</subfield>
    <subfield code="4">0</subfield>
    <subfield code="7">0</subfield>
    <subfield code="a">102</subfield>
    <subfield code="b">102</subfield>
    <subfield code="d">2006-07-03</subfield>
    <subfield code="e">65/2006</subfield>
    <subfield code="g">16.20</subfield>
    <subfield code="i">97103</subfield>
    <subfield code="l">0</subfield>
    <subfield code="o">82.09(520) &#x41A;20</subfield>
    <subfield code="p">97103</subfield>
    <subfield code="r">2022-02-09 00:00:00</subfield>
    <subfield code="w">2006-07-03</subfield>
    <subfield code="y">BK</subfield>
  </datafield>
</record>
